| 000 | 00804nam a2200217Ia 4500 | ||
|---|---|---|---|
| 005 | 20240530095240.0 | ||
| 008 | 140319s2002 xx 000 0 ara d | ||
| 040 |
_aGCL / _cGCL |
||
| 082 | 0 | 4 |
_a650.1 / _bع ا |
| 100 | 1 | _aعبدالرحمن توفيق | |
| 245 | 1 | 0 |
_aالادارة بذكاء نتائج افضل بموارد اقل / _cعبدالرحمن توفيق |
| 260 |
_aالقاهرة : _bمركز الخبرات المهنية للادارة (ببميك) ، _c2002 |
||
| 300 |
_a370 ص ؛ _c24 سم |
||
| 490 |
_aسلسلة اصدارات بميك _v40 |
||
| 650 | 0 | 4 | _aادارة الاعمال |
| 650 | 0 | 4 | _aالادارة |
| 650 | 0 | 4 | _aالتنمية الادارية |
| 650 | 0 | 4 | _aالادارة - تطوير |
| 942 |
_2ddc _cBK |
||
| 999 |
_c5414 _d5414 |
||